Az Universiade lángja tovább ég Befejeződött a főiskolai sportolók 13. teli seregszemléje

Bibliographic Details
Main Author: Urbán, Klára (Author)
Format: Article
Language:Hungarian
Subjects:

MARC

LEADER 00000nab a2200000 a 4500
001 vtls000280894
003 SK-MaSNL
005 20260319074913.0
008 111201c1987 xo 0 hun
015 |a SNBRB19rr/mm-uuuuu 
035 |a CL0291012 
040 |a SNKBUCL  |b slo  |c SNKBUCL  |e AACR2 
041 0 |a hun 
044 |a xo  |c SK 
080 |a 796.09.093.1(100):378  |2 1981 
080 |a 378  |2 1981 
100 1 |a Urbán, Klára  |4 aut  |9 857587 
245 1 3 |a Az Universiade lángja tovább ég  |b Befejeződött a főiskolai sportolók 13. teli seregszemléje  |c Klára Urbán 
650 0 7 |a Svetová zimná univerziáda 1987, Vysoké Tatry  |2 snkbucl  |9 940238 
655 7 |a články z novín a časopisov  |2 snkbucl  |9 267496 
773 0 |t Új szó  |g Roč. 40, č. 50 (2. 3. 1987), s. 1 a 7 
850 |a Slovenská národná knižnica v Martine  |a MTA001 
852 |a SNK  |b KIS3GCP 
958 |a RK 
992 |a RBX 
999 |c 1508024  |d 1509954